| 000 | 00578nam a2200181Ia 4500 | ||
|---|---|---|---|
| 999 |
_c1855 _d1855 |
||
| 003 | OSt | ||
| 005 | 20200923105128.0 | ||
| 008 | 190216s9999||||xx |||||||||||||| ||und|| | ||
| 020 | _a9780195370010 | ||
| 040 | _coclc | ||
| 082 |
_a581.63 _bPEN/U |
||
| 100 |
_aPennacchio, Marcello _94848 |
||
| 245 | 0 |
_aUses And Abuses Of Plant-Derived Smoke / _cMarcello Pennacchio ; Lara vanessa Jefferson ; Kayri Havens |
|
| 260 |
_bOxford University Press, _c2010. _aNew York: |
||
| 300 | _a247p | ||
| 650 | _aBotany | ||
| 942 |
_cBK _2ddc _h581.63 _iPEN/U _k581.63 _mPEN/U |
||